MARC details
| 000 -CABECERA |
| campo de control de longitud fija |
01054cam a2200289 a 4500 |
| 001 - NÚMERO DE CONTROL |
| campo de control |
000015850 |
| 005 - FECHA Y HORA DE LA ÚLTIMA TRANSACCIÓN |
| campo de control |
20200929164157.0 |
| 008 - DATOS DE LONGITUD FIJA--INFORMACIÓN GENERAL |
| campo de control de longitud fija |
010507s2000 cu b 001 0 spa d |
| 020 ## - NÚMERO INTERNACIONAL ESTÁNDAR DEL LIBRO |
| Número Internacional Estándar del Libro |
959707818X |
| 020 ## - NÚMERO INTERNACIONAL ESTÁNDAR DEL LIBRO |
| Número Internacional Estándar del Libro |
9597078198 |
| 040 ## - FUENTE DE LA CATALOGACIÓN |
| Centro catalogador/agencia de origen |
DO-SdBNP |
| Lengua de catalogación |
spa |
| Centro/agencia transcriptor |
DLC |
| Centro/agencia modificador |
BNPHU |
| 082 ## - NÚMERO DE LA CLASIFICACIÓN DECIMAL DEWEY |
| Número de clasificación |
109 |
| Número de documento/Ítem |
P764 |
| 082 00 - NÚMERO DE LA CLASIFICACIÓN DECIMAL DEWEY |
| Número de clasificación |
199/.7291 |
| Número de edición |
21 |
| 049 ## - FONDOS LOCALES (OCLC) |
| Fondos de biblioteca |
BNGR |
| 245 03 - MENCIÓN DE TÍTULO |
| Título |
La Polémica filosófica cubana / |
| Mención de responsabilidad, etc. |
ensayo introductorio, compilación y notas, Alicia Conde Rodríguez; responsable de la edición Zaida González Amador. |
| 260 ## - PUBLICACIÓN, DISTRIBUCIÓN, ETC. |
| Lugar de publicación, distribución, etc. |
La Habana, Cuba : |
| Nombre del editor, distribuidor, etc. |
Imagen Contemporánea, |
| Fecha de publicación, distribución, etc. |
2000-. |
| 300 ## - DESCRIPCIÓN FÍSICA |
| Extensión |
1 v. ; |
| Dimensiones |
23 cm. |
| 490 1# - MENCIÓN DE SERIE |
| Mención de serie |
Biblioteca de clásicos cubanos |
| Designación de volumen o secuencia |
10 |
| 504 ## - NOTA DE BIBLIOGRAFÍA, ETC. |
| Nota de bibliografía, etc. |
Incluye referencias bibliográficas. |
| 505 1# - NOTA DE CONTENIDO CON FORMATO |
| Nota de contenido con formato |
v. 1. 1838-1839. |
| 650 #4 - PUNTO DE ACCESO ADICIONAL DE MATERIA--TÉRMINO DE MATERIA |
| Término de materia o nombre geográfico como elemento de entrada |
Filosofía |
| Subdivisión geográfica |
Cuba |
| 9 (RLIN) |
35668 |
| 650 #4 - PUNTO DE ACCESO ADICIONAL DE MATERIA--TÉRMINO DE MATERIA |
| Término de materia o nombre geográfico como elemento de entrada |
Filosofía cubana |
| Subdivisión general |
Historia |
| Subdivisión cronológica |
1838-1839 |
| 9 (RLIN) |
35669 |
| 700 1# - PUNTO DE ACCESO ADICIONAL--NOMBRE DE PERSONA |
| Nombre de persona |
Conde Rodríguez, Alicia. |
| Término indicativo de función/relación |
comp. |
| 9 (RLIN) |
35670 |
| 700 1# - PUNTO DE ACCESO ADICIONAL--NOMBRE DE PERSONA |
| Nombre de persona |
González Amador, Zaida |
| Término indicativo de función/relación |
ed. |
| 9 (RLIN) |
35671 |
| 830 #0 - PUNTO DE ACCESO ADICIONAL DE SERIE-TÍTULO UNIFORME |
| Título uniforme |
Biblioteca de clásicos cubanos ; |
| Designación de volumen o secuencia |
10 |
| 9 (RLIN) |
35672 |
| 910 ## - DATOS DE OPCIÓN DEL USUARIO (OCLC) |
| Datos de opción del usuario |
Catalogación por copia / LC |